000 00741nam a2200289Ia 4500
005 20260324122705.0
008 008 260324s9999 xx 000 0 eng d
020 _a9781003580591
037 _aEBOOK
040 _aCRL
040 _beng
040 _cCRL
041 _2eng
041 _aeng
084 _qCRL
100 _aJohn Lai
_91167429
245 0 _aNegotiating Religious Gaps
245 4 _bThe Enterprise of Translating Christian Tracts by Protestant Missionaries in Nineteenth-Century China
260 _bTaylor and Francis
260 _c2012
365 _a
365 _b285
856 _uhttp://www.taylorfrancis.com/books/9781003580591
942 _cEBOOK
999 _c1760367
_d1760367